Dinos-Je Wanda - Statistiques

Statistiques générales
  • Ce quiz a été pris 16 fois
  • Le résultat moyen est 168 sur 299
Statistiques - réponses
Réponse % Correct
je
100%
je
100%
à
82%
a
82%
me
82%
plus
82%
même
73%
ne
73%
reste
73%
sais
73%
tout
73%
tu
73%
assez
64%
c'est
64%
chacun
64%
de
64%
demandes
64%
j'ai
64%
donc
64%
donne
64%
du
64%
et
64%
fait
64%
femme
64%
forcé
64%
j'ai
64%
j'suis
64%
la
64%
le
64%
l'homme
64%
ma
64%
mal
64%
moi
64%
mon
64%
mots
64%
nos
64%
on
64%
pas
64%
pleures
64%
pour
64%
rire
64%
seul
64%
seule
64%
si
64%
ta
64%
te
64%
tellement
64%
tes
64%
t'es
64%
toi
64%
tous
64%
amour
55%
annuler
55%
coeurs
55%
comme
55%
dans
55%
d'avenir
55%
deux
55%
doux
55%
dur
55%
faut
55%
forcément
55%
il
55%
mais
55%
m'en
55%
monde
55%
n'arrive
55%
oh
55%
oui
55%
peine
55%
père
55%
portais
55%
projets
55%
qui
55%
rester
55%
son
55%
sur
55%
t'aime
55%
veux
55%
vivre
55%
ah
45%
été
45%
fallait
45%
illumine
45%
mes
45%
nous
45%
parfois
45%
pris
45%
sorte
45%
thème
45%
trop
45%
veut
45%
yeux
45%
avec
36%
c'que
36%
crie
36%
heureuse
36%
homme
36%
juste
36%
l'seul
36%
nie
36%
n'suis
36%
oncles
36%
quand
36%
qu'un
36%
sué
36%
bonheur
27%
car
27%
d'amour
27%
devant
27%
effacer
27%
en
27%
erreurs
27%
feu
27%
froid
27%
j'attendrai
27%
larmes
27%
ouais
27%
peut
27%
qu'ça
27%
rendre
27%
Tipp-Ex
27%
blesses
18%
charmante
18%
d'énergie
18%
encore
18%
mens
18%
mouchoirs
18%
m'reste
18%
non
18%
pouvoir
18%
rancoeurs
18%
sécher
18%
yeah
18%
calme
9%
évidement
9%
j'te
9%
mama
9%
ramener
9%
trouve
9%
Aucun quiz correspondant
Distribution des résultats
% des personnes avec chaque résultat
Percentile par nombre de réponses
Votre historique - résultats
Vous n’avez pas pris ce quiz